[Event "19th Asia-ch (w)"]
[Site "Al-Ain UAE"]
[Date "2015.08.08"]
[Round "7.23"]
[White "Alymbay, Kyzy Aizhan"]
[Black "Liu Manli"]
[Result "0-1"]
[WhiteElo "1903"]
[BlackElo "1995"]
[EventDate "2015.08.02"]
[PlyCount "132"]

1.e4 c5 2.Nf3 Nc6 3.d4 cxd4 4.Nxd4 g6 5.Nc3 Bg7 6.Be3 Nf6 7.Bc4 Qa5 8.f3 
Qb4 9.Bb3 Nxe4 10.Nxc6 Bxc3+ 11.bxc3 Qxc3+ 12.Ke2 dxc6 13.Bd4 e5 14.Bxc3 
Nxc3+ 15.Kf2 Nxd1+ 16.Raxd1 Ke7 17.Rhe1 f6 18.f4 Bg4 19.Rb1 Kd6 20.h3 Bd7 
21.Rbd1+ Kc7 22.fxe5 fxe5 23.Rxe5 Rae8 24.Rxe8 Rxe8 25.Rd4 Be6 26.Rh4 h5 
27.Rf4 Bxb3 28.cxb3 Kd7 29.Kf3 Ke7 30.Ra4 a6 31.Rb4 Rb8 32.g4 b5 33.gxh5 
gxh5 34.Rh4 Rh8 35.Ke4 Ke6 36.Kd4 Kd6 37.b4 Rh7 38.a3 Rh8 39.Kd3 c5 40.
bxc5+ Kxc5 41.Kc3 a5 42.Kb3 Kd5 43.Kc3 Ke5 44.Kd3 Kf5 45.Kd4 Kg5 46.Re4 
Rb8 47.h4+ Kf5 48.Re5+ Kg4 49.Re4+ Kg3 50.Kc3 Rc8+ 51.Kb2 Rc5 52.Rd4 Re5 
53.Kc3 Re3+ 54.Kb2 Re5 55.Kc3 Rf5 56.Kb2 Rf4 57.Rd5 Kxh4 58.Rxb5 a4 59.Kc3
Kg4 60.Kd2 h4 61.Rb1 h3 62.Rg1+ Kf3 63.Rf1+ Kg3 64.Rg1+ Kf2 65.Re1 h2 66.
Re2+ Kg3 0-1

[Event "19th Asia-ch (w)"]
[Site "Al-Ain UAE"]
[Date "2015.08.08"]
[Round "7.24"]
[White "Al-Harmoudi, Mona"]
[Black "Al-Shaibi, Boshra"]
[Result "0-1"]
[WhiteElo "1745"]
[BlackElo "1987"]
[EventDate "2015.08.02"]
[PlyCount "121"]

1.d4 Nf6 2.c4 c5 3.d5 g6 4.Nc3 Bg7 5.e4 d6 6.h3 O-O 7.Nf3 e6 8.Bd3 exd5 9.
exd5 Re8+ 10.Be3 Nbd7 11.O-O Nh5 12.Qd2 f5 13.Bh6 Ne5 14.Be2 Bxh6 15.Qxh6 
Nf7 16.Qd2 Bd7 17.Rfe1 Kh8 18.Bf1 Qf6 19.g3 h6 20.Rxe8+ Rxe8 21.Re1 Rxe1 
22.Qxe1 g5 23.Qe2 g4 24.Ne1 Ne5 25.h4 f4 26.Ne4 Qg6 27.Kh2 b6 28.b3 Bf5 
29.Nd2 Kg7 30.a3 a5 31.a4 Kg8 32.Qd1 Kf7 33.Qe2 Kf6 34.Qd1 Ke7 35.Ng2 Kf7 
36.Ne1 Ke8 37.Qe2 Kd7 38.Qd1 Kc7 39.Bg2 Kd8 40.Bh1 f3 41.Nf1 Nf6 42.Ne3 
Be4 43.Qd2 Nfd7 44.N1c2 Bxc2 45.Nxc2 Qd3 46.Qxd3 Nxd3 47.Kg1 Nc1 48.Ne3 h5
49.Nf5 Kc7 50.Ng7 Nf6 51.Ne6+ Kd7 52.Kf1 Nxb3 53.Ke1 Nd4 54.Nf4 Nb3 55.Kd1
Ke7 56.Kc2 Nd4+ 57.Kd3 Kf7 58.Ke3 Nc2+ 59.Kd3 Na3 60.Ne6 Kg6 61.Ke3 0-1

[Event "19th Asia-ch (w)"]
[Site "Al-Ain UAE"]
[Date "2015.08.08"]
[Round "7.25"]
[White "Li Yunshan"]
[Black "Mir Mahmoud, Afamia"]
[Result "1-0"]
[WhiteElo "1835"]
[BlackElo "1949"]
[EventDate "2015.08.02"]
[PlyCount "89"]

1.d4 d5 2.c4 e6 3.Nf3 Nf6 4.g3 Be7 5.Bg2 O-O 6.Qc2 c6 7.O-O b6 8.b3 Bb7 9.
Nbd2 Nbd7 10.e4 dxe4 11.Nxe4 Nxe4 12.Qxe4 Nf6 13.Qe2 c5 14.Rd1 cxd4 15.
Nxd4 Qc8 16.Bf4 Bxg2 17.Kxg2 Qb7+ 18.Qf3 Qxf3+ 19.Kxf3 Rfd8 20.Nc6 Rxd1 
21.Rxd1 Kf8 22.Be5 Ke8 23.g4 g6 24.Nxe7 Kxe7 25.Bxf6+ Kxf6 26.Rd7 e5 27.
Ke3 h5 28.gxh5 gxh5 29.f4 Ke6 30.Rc7 f6 31.Rh7 Rg8 32.fxe5 Kxe5 33.Rxh5+ 
f5 34.Rh7 Rg2 35.Rxa7 Rxh2 36.Ra6 Rh3+ 37.Kf2 Kf4 38.Rxb6 Rh2+ 39.Ke1 Rxa2
40.c5 Ke5 41.b4 f4 42.b5 Kd4 43.c6 Ke3 44.Ra6 Rb2 45.Ra3+ 1-0

[Event "19th Asia-ch (w)"]
[Site "Al-Ain UAE"]
[Date "2015.08.08"]
[Round "7.26"]
[White "Al-Maamari, Wafa Darwish"]
[Black "Ezizova, Bagul"]
[Result "1-0"]
[WhiteElo "1500"]
[BlackElo "1518"]
[EventDate "2015.08.02"]
[PlyCount "105"]

1.e4 c6 2.d4 d5 3.Nc3 dxe4 4.Nxe4 Bf5 5.Ng3 Bg6 6.h4 h6 7.Nf3 Nd7 8.h5 Bh7
9.Bd3 Bxd3 10.Qxd3 Ngf6 11.Bf4 Qa5+ 12.Bd2 Qc7 13.O-O-O O-O-O 14.Ne4 Nxe4 
15.Qxe4 Nf6 16.Qe2 e6 17.g3 Bd6 18.Rh4 Rhe8 19.Ne5 Bxe5 20.dxe5 Nd5 21.c4 
Nb6 22.Bc3 c5 23.b3 Rxd1+ 24.Qxd1 Rd8 25.Qe2 Qc6 26.Rf4 Qd7 27.Ba5 Qe7 28.
Bxb6 axb6 29.Qg4 Rd7 30.Qxg7 Qd8 31.Qg4 Rd2 32.Rxf7 Kb8 33.Qf3 Rd7 34.Rf8 
Rd1+ 35.Kb2 Rd2+ 36.Ka3 Kc7 37.Rxd8 Kxd8 38.Qxb7 Rxf2 39.Qxb6+ Ke8 40.
Qxe6+ Kf8 41.Qxh6+ Ke7 42.Qe3 Rf5 43.Qxc5+ Kd7 44.Qd6+ Kc8 45.Qe6+ Kc7 46.
Qxf5 Kc6 47.e6 Kc7 48.e7 Kb7 49.e8=R Kc7 50.Re6 Kd7 51.Qf7+ Kd8 52.Rg6 Kc8
53.Rg8# 1-0

[Event "19th Asia-ch (w)"]
[Site "Al-Ain UAE"]
[Date "2015.08.08"]
[Round "7.27"]
[White "Al-Zarouni, Kholoud Essa"]
[Black "Al-Gildah, Nibal"]
[Result "0-1"]
[WhiteElo "1840"]
[BlackElo "1920"]
[EventDate "2015.08.02"]
[PlyCount "65"]

1.e4 g6 2.d4 Bg7 3.Nf3 d6 4.Nc3 Nd7 5.Be2 e6 6.Bg5 Ne7 7.Qd2 h6 8.Be3 a6 
9.a4 b6 10.O-O g5 11.Bc4 Bb7 12.Ra3 Ng6 13.b4 Qe7 14.d5 e5 15.Ne2 Nf6 16.
Ng3 Bc8 17.Qc3 O-O 18.Bd3 a5 19.bxa5 Rxa5 20.Bb5 Nf4 21.Rfa1 h5 22.Qc4 h4 
23.Nf1 N6h5 24.Bd2 Ra7 25.a5 Qf6 26.axb6 Rxa3 27.Rxa3 cxb6 28.Qc7 Bg4 29.
Qxb6 Nh3+ 30.Kh1 N3f4 31.Qb7 Rc8 32.Bc6 h3 33.g3 0-1

[Event "19th Asia-ch (w)"]
[Site "Al-Ain UAE"]
[Date "2015.08.08"]
[Round "7.28"]
[White "Antonova, Nadezhda"]
[Black "Faqih, Asil"]
[Result "1-0"]
[WhiteElo "2011"]
[BlackElo "1599"]
[EventDate "2015.08.02"]
[PlyCount "83"]

1.d4 Nf6 2.Nf3 g6 3.c4 Bg7 4.Nc3 d6 5.e4 O-O 6.Be2 e5 7.d5 Bd7 8.O-O h6 9.
Ne1 a5 10.Be3 Na6 11.Nd3 b6 12.a3 Nc5 13.f3 Ne8 14.b4 axb4 15.axb4 Rxa1 
16.Qxa1 Nb3 17.Qb2 Nd4 18.c5 f5 19.Rd1 Nf6 20.exf5 Bxf5 21.cxb6 cxb6 22.
Nf2 Qc7 23.Nb5 Nxb5 24.Bxb5 e4 25.Qc1 Qxc1 26.Bxc1 exf3 27.gxf3 Nh5 28.Be3
Bc3 29.Bxh6 Ra8 30.Bc6 Ra2 31.Be3 Bxb4 32.Bxb6 Nf4 33.Bb5 Ra3 34.Rd4 Nh3+ 
35.Nxh3 Bc5 36.Bxc5 dxc5 37.Rh4 Rxf3 38.Ng5 Rc3 39.Rc4 Rxc4 40.Bxc4 Kf8 
41.Ne6+ Bxe6 42.dxe6 1-0

[Event "19th Asia-ch (w)"]
[Site "Al-Ain UAE"]
[Date "2015.08.09"]
[Round "8.1"]
[White "Vijayalakshmi, Subbaraman"]
[Black "Gomes, Mary Ann"]
[Result "1/2-1/2"]
[WhiteElo "2341"]
[BlackElo "2314"]
[EventDate "2015.08.02"]
[PlyCount "130"]

1.d4 Nf6 2.Bg5 e6 3.Nd2 d5 4.e3 Nbd7 5.Bd3 e5 6.dxe5 Nxe5 7.Ngf3 Nxd3+ 8.
cxd3 Be7 9.d4 c6 10.O-O O-O 11.Ne5 Ne8 12.Bxe7 Qxe7 13.Rc1 Nd6 14.a4 Bf5 
15.Qe2 Rfc8 16.Nd3 Bxd3 17.Qxd3 Ne4 18.Nxe4 Qxe4 19.Qxe4 dxe4 20.Rc5 f6 
21.Rfc1 Rd8 22.h4 Kf7 23.Kh2 Rd6 24.Kg3 Re8 25.a5 a6 26.Kf4 g6 27.R1c3 Re7
28.Rb3 h5 29.Rbc3 Re8 30.Rc1 Rd7 31.Rh1 f5 32.Kg5 Red8 33.Rhc1 Rd6 34.R1c3
R8d7 35.Rb3 Kg7 36.Rb6 Kf7 37.d5 Rxd5 38.Rxd5 Rxd5 39.Rxb7+ Ke6 40.Rb6 f4+
41.Kxf4 Kd6 42.b4 Rf5+ 43.Kxe4 Rxf2 44.Rxa6 Rb2 45.Kf3 Rxb4 46.g3 g5 47.
hxg5 Rg4 48.Ra8 Rxg5 49.a6 Rf5+ 50.Ke4 Ra5 51.a7 Kc5 52.Rh8 Rxa7 53.Rxh5+ 
Kb4 54.g4 c5 55.g5 c4 56.g6 c3 57.Rh1 c2 58.Rg1 Rd7 59.Rc1 Kc3 60.Kf5 Rd1 
61.Rxc2+ Kxc2 62.e4 Rf1+ 63.Ke6 Rg1 64.Kf6 Rf1+ 65.Ke6 Rg1 1/2-1/2

[Event "19th Asia-ch (w)"]
[Site "Al-Ain UAE"]
[Date "2015.08.09"]
[Round "8.2"]
[White "Saduakasova, Dinara"]
[Black "Shen Yang"]
[Result "1/2-1/2"]
[WhiteElo "2401"]
[BlackElo "2443"]
[EventDate "2015.08.02"]
[PlyCount "47"]

1.d4 d5 2.c4 c6 3.Nc3 Nf6 4.e3 e6 5.Nf3 Nbd7 6.Qc2 Bd6 7.b3 b6 8.Be2 O-O 
9.O-O Bb7 10.Bb2 Qe7 11.Rad1 Rac8 12.e4 dxe4 13.Nxe4 Nxe4 14.Qxe4 f5 15.
Qc2 c5 16.Rfe1 Be4 17.Qd2 Rcd8 18.Ng5 cxd4 19.Nxe4 fxe4 20.Bxd4 Bb4 21.Bc3
Bc5 22.Bd4 Bb4 23.Bc3 Bc5 24.Bd4 1/2-1/2

[Event "19th Asia-ch (w)"]
[Site "Al-Ain UAE"]
[Date "2015.08.09"]
[Round "8.3"]
[White "Pratyusha, Bodda"]
[Black "Soumya, Swaminathan"]
[Result "1-0"]
[WhiteElo "2194"]
[BlackElo "2325"]
[EventDate "2015.08.02"]
[PlyCount "105"]

1.d4 d5 2.c4 c6 3.Nc3 Nf6 4.e3 e6 5.Bd2 Nbd7 6.Rc1 b6 7.cxd5 exd5 8.Bd3 
Bb7 9.Qf3 Be7 10.Nge2 O-O 11.g4 c5 12.g5 Ne4 13.h4 Re8 14.Qf5 g6 15.Qh3 
Nf8 16.Qg2 a6 17.a4 Qd7 18.Bc2 Nxd2 19.Kxd2 cxd4 20.Nxd4 Bc5 21.Nce2 Bxd4 
22.Nxd4 Ne6 23.Qg4 Qd6 24.h5 Nxd4 25.Qxd4 Qc5 26.Rh4 Qxd4+ 27.Rxd4 Rac8 
28.hxg6 hxg6 29.Bb3 Rxc1 30.Kxc1 Re5 31.Rb4 Re6 32.Kd2 Kg7 33.Rd4 Re4 34.
Rxe4 dxe4 35.Kc3 f6 36.gxf6+ Kxf6 37.Kd4 Bc6 38.Bc2 g5 39.b3 Kf5 40.Bd1 g4
41.Be2 a5 42.Bc4 g3 43.fxg3 Kg4 44.Bd5 Be8 45.Kxe4 b5 46.b4 bxa4 47.bxa5 
Bb5 48.Kd4 Kxg3 49.e4 Kf4 50.e5 a3 51.e6 Kf5 52.Kc5 Ke5 53.e7 1-0

[Event "19th Asia-ch (w)"]
[Site "Al-Ain UAE"]
[Date "2015.08.09"]
[Round "8.4"]
[White "Hejazipour, Mitra"]
[Black "Pourkashiyan, Atousa"]
[Result "1-0"]
[WhiteElo "2321"]
[BlackElo "2341"]
[EventDate "2015.08.02"]
[PlyCount "121"]

1.d4 d6 2.Nf3 g6 3.c4 Bg7 4.Nc3 Nd7 5.e4 e5 6.Bg5 Ngf6 7.Be2 h6 8.Be3 Ng4 
9.Bc1 O-O 10.h3 Ngf6 11.dxe5 dxe5 12.Be3 c6 13.Qd2 Kh7 14.g4 b5 15.cxb5 
cxb5 16.Bxb5 Bb7 17.Bd3 Qe7 18.g5 hxg5 19.Nxg5+ Kg8 20.O-O-O Nc5 21.Bc2 
Rfd8 22.Qe2 Nh5 23.Qb5 Rd4 24.Nd5 Bxd5 25.exd5 Rc8 26.Kb1 a6 27.Qb6 Rc4 
28.d6 Qd7 29.Rc1 Rc6 30.Qb8+ Rc8 31.Qb6 Rc6 32.Qa5 Nb7 33.Qd5 Nf6 34.Qxe5 
Nxd6 35.Bb3 Nfe4 36.Qd5 Rxc1+ 37.Rxc1 Rxc1+ 38.Bxc1 Nxg5 39.Qxg5 Kh7 40.h4
Qh3 41.Qd5 Qh2 42.a3 Bf8 43.Qa8 Be7 44.Be3 Qxh4 45.Qxa6 Qe4+ 46.Ka2 Qe5 
47.Bd2 Qf5 48.Qe2 Bf6 49.f3 Kg7 50.a4 Nb7 51.Qc4 Nd8 52.Qd5 Qc8 53.a5 Ne6 
54.f4 Kg8 55.f5 gxf5 56.Qxf5 Bg7 57.Qg4 Kh8 58.Qc4 Qd8 59.Bb4 Nd4 60.Qd5 
Qb8 61.Qh5+ 1-0

[Event "19th Asia-ch (w)"]
[Site "Al-Ain UAE"]
[Date "2015.08.09"]
[Round "8.5"]
[White "Lei Tingjie"]
[Black "Padmini, Rout"]
[Result "1-0"]
[WhiteElo "2436"]
[BlackElo "2444"]
[EventDate "2015.08.02"]
[PlyCount "67"]

1.Nf3 Nf6 2.c4 g6 3.Nc3 d5 4.cxd5 Nxd5 5.h4 Nc6 6.e4 Ndb4 7.d3 Bg4 8.a3 
Bxf3 9.gxf3 Na6 10.Be3 Bg7 11.f4 Nd4 12.h5 c6 13.h6 Bf8 14.Qa4 e5 15.fxe5 
Nf3+ 16.Ke2 Nxe5 17.d4 Nd7 18.Rd1 Nb6 19.Qb3 Be7 20.Kd2 Nc5 21.Qc2 Ncd7 
22.Kc1 O-O 23.Kb1 Re8 24.f4 Bf8 25.Bc1 Nf6 26.f5 Rc8 27.Bh3 Rc7 28.Bf4 Nc4
29.Bf1 Nd6 30.Bxd6 Bxd6 31.e5 Bf8 32.exf6 Qxf6 33.fxg6 hxg6 34.Nd5 1-0

[Event "19th Asia-ch (w)"]
[Site "Al-Ain UAE"]
[Date "2015.08.09"]
[Round "8.6"]
[White "Aulia, Medina Warda"]
[Black "Zhai Mo"]
[Result "1-0"]
[WhiteElo "2412"]
[BlackElo "2406"]
[EventDate "2015.08.02"]
[PlyCount "105"]

1.e4 c5 2.Nf3 d6 3.Bb5+ Nc6 4.O-O Bd7 5.Re1 Nf6 6.h3 a6 7.Bf1 e5 8.c3 g6 
9.d4 Bg7 10.d5 Ne7 11.a4 O-O 12.Na3 b5 13.b3 Qb8 14.Bd2 Ne8 15.axb5 axb5 
16.Qc1 f5 17.Ng5 fxe4 18.Ne6 Bxe6 19.dxe6 Nc7 20.Rxe4 d5 21.Re1 Qb6 22.Bg5
Rae8 23.c4 bxc4 24.bxc4 d4 25.Nb5 Nxe6 26.Bd2 Nf4 27.g3 Nh5 28.Bg2 Nc8 29.
Ra2 Kh8 30.Ba5 Qf6 31.Nc7 Nd6 32.Nxe8 Rxe8 33.Bc7 Nf7 34.Qa1 Rg8 35.Ra8 d3
36.Rxg8+ Kxg8 37.Qa8+ Bf8 38.Qd5 Bd6 39.Bxd6 Qxd6 40.Rd1 Nf6 41.Qxd3 Qe6 
42.h4 e4 43.Qb3 Kg7 44.Qe3 Qe5 45.Qf4 Qe6 46.g4 Qxg4 47.Qxg4 Nxg4 48.Rd5 
e3 49.fxe3 Nxe3 50.Rxc5 Nd6 51.Rc7+ Kh6 52.c5 Ndf5 53.h5 1-0

[Event "19th Asia-ch (w)"]
[Site "Al-Ain UAE"]
[Date "2015.08.09"]
[Round "8.7"]
[White "Tan Zhongyi"]
[Black "Pham Le Thao Nguyen"]
[Result "1-0"]
[WhiteElo "2512"]
[BlackElo "2332"]
[EventDate "2015.08.02"]
[PlyCount "84"]

1.d4 d5 2.c4 c6 3.Nf3 Nf6 4.Nc3 a6 5.c5 g6 6.Bf4 Bg7 7.e3 O-O 8.Bd3 Bg4 9.
Qb3 Bxf3 10.gxf3 Qc8 11.Be5 Nbd7 12.f4 Ne8 13.Bxg7 Nxg7 14.O-O-O Qc7 15.
Kb1 Rfb8 16.Rc1 e6 17.Qc2 a5 18.Na4 Nh5 19.Rhg1 Kf8 20.Qe2 Nhf6 21.Rc3 Qd8
22.Qd2 Ra7 23.f3 Ne8 24.Qg2 Qh4 25.Rc2 Nef6 26.Qf1 b5 27.cxb6 Nxb6 28.Nc5 
Nbd7 29.Qe1 Qh5 30.Qg3 Rb6 31.Rgc1 Nb8 32.e4 Nfd7 33.f5 exf5 34.exf5 Kg7 
35.Re1 Nxc5 36.dxc5 Rb4 37.Qe5+ f6 38.Qe8 Qxf3 39.Re3 Qd1+ 40.Rc1 Qh5 41.
fxg6 hxg6 42.Rh3 Rh4 1-0

[Event "19th Asia-ch (w)"]
[Site "Al-Ain UAE"]
[Date "2015.08.09"]
[Round "8.8"]
[White "Khademalsharieh, Sarasadat"]
[Black "Hakimifard, Raana"]
[Result "1-0"]
[WhiteElo "2412"]
[BlackElo "2084"]
[EventDate "2015.08.02"]
[PlyCount "69"]

1.d4 Nf6 2.c4 e6 3.Nf3 b6 4.g3 Ba6 5.Qa4 c5 6.dxc5 bxc5 7.Bg2 Bb7 8.O-O 
Be7 9.Nc3 O-O 10.Rd1 Qb6 11.Bf4 Na6 12.Qb5 Qxb5 13.Nxb5 Bc6 14.Ne5 Bxg2 
15.Kxg2 Rfd8 16.Nd6 Rf8 17.Rd2 Nb8 18.f3 Bxd6 19.Rxd6 Ne8 20.Rdd1 d6 21.
Ng4 e5 22.Bd2 Nc6 23.Bc3 f6 24.Rd2 Kf7 25.Rad1 Ke7 26.Ne3 Ke6 27.Nd5 a5 
28.Nc7+ Nxc7 29.Rxd6+ Ke7 30.Rd7+ Ke8 31.Rxc7 Nd4 32.Rxc5 Nxe2 33.Bxe5 Rf7
34.Bd6 Rd7 35.Rcd5 1-0

[Event "19th Asia-ch (w)"]
[Site "Al-Ain UAE"]
[Date "2015.08.09"]
[Round "8.9"]
[White "Davletbaeva, Madina"]
[Black "Karavade, Eesha"]
[Result "1/2-1/2"]
[WhiteElo "2243"]
[BlackElo "2409"]
[EventDate "2015.08.02"]
[PlyCount "86"]

1.e4 e6 2.d4 d5 3.exd5 exd5 4.Nf3 Bd6 5.c4 Nf6 6.Nc3 O-O 7.cxd5 Nbd7 8.Be2
Nb6 9.Bg5 Be7 10.Bxf6 Bxf6 11.O-O Nxd5 12.Rc1 c6 13.Nxd5 Qxd5 14.Bc4 Qd6 
15.Qb3 b5 16.Bd3 Bg4 17.Be4 Rac8 18.Rfd1 Rfe8 19.Qd3 g6 20.h3 Bxf3 21.Qxf3
Bxd4 22.Rxc6 Rxc6 23.Bxc6 Re5 24.Be4 Qc5 25.Kh2 Bxf2 26.Rd7 Re7 27.Rxe7 
Qxe7 28.Qxf2 Qxe4 29.Qf6 h5 30.a3 a5 31.Kh1 Qd5 32.Qa6 Qe5 33.Qxa5 Qxb2 
34.Qd8+ Kg7 35.Qd6 h4 36.Qc5 Qe2 37.Qd4+ f6 38.Qxh4 Qe3 39.Qb4 Qc1+ 40.Kh2
Qc7+ 41.Kh1 Qc1+ 42.Kh2 Qc7+ 43.Kh1 Qc1+ 1/2-1/2

[Event "19th Asia-ch (w)"]
[Site "Al-Ain UAE"]
[Date "2015.08.09"]
[Round "8.10"]
[White "Wang Jue"]
[Black "Tania, Sachdev"]
[Result "0-1"]
[WhiteElo "2360"]
[BlackElo "2390"]
[EventDate "2015.08.02"]
[PlyCount "75"]

1.e4 e5 2.Nf3 Nc6 3.Bb5 a6 4.Ba4 Nf6 5.O-O b5 6.Bb3 Bb7 7.d3 Be7 8.a4 d6 
9.c3 O-O 10.Re1 Na5 11.Ba2 c5 12.Nbd2 b4 13.Nc4 Nxc4 14.Bxc4 a5 15.Qb3 Ba6
16.Bxa6 Rxa6 17.d4 cxd4 18.cxd4 Qa8 19.Bg5 Ra7 20.Qd3 h6 21.Bd2 d5 22.Nxe5
dxe4 23.Qb3 Bd6 24.Rac1 Rc7 25.Rxc7 Bxc7 26.Rc1 Qd8 27.Bf4 Bb6 28.Nc6 Qd7 
29.Qc4 Kh7 30.h3 Rc8 31.Kh2 Nd5 32.Bg3 f6 33.Kg1 Ne7 34.d5 Qxd5 35.Nxe7 
Rxc4 36.Nxd5 Rxc1+ 37.Kh2 Bd4 38.b3 0-1

[Event "19th Asia-ch (w)"]
[Site "Al-Ain UAE"]
[Date "2015.08.09"]
[Round "8.11"]
[White "Zhang Xiaowen"]
[Black "Nakhbaeva, Guliskhan"]
[Result "1-0"]
[WhiteElo "2376"]
[BlackElo "2327"]
[EventDate "2015.08.02"]
[PlyCount "69"]

1.e4 e6 2.d4 d5 3.Nd2 Nf6 4.e5 Nfd7 5.Bd3 c5 6.c3 Nc6 7.Ne2 cxd4 8.cxd4 f6
9.Nf4 Nxd4 10.Qh5+ Ke7 11.Ng6+ hxg6 12.exf6+ Nxf6 13.Qxh8 Kf7 14.O-O e5 
15.Nb3 Nf5 16.Bg5 a5 17.Rac1 e4 18.Be2 a4 19.Nd2 Nd4 20.Bd1 Ne6 21.h4 Bd7 
22.Bxf6 Qxf6 23.h5 Qg5 24.hxg6+ Kxg6 25.Rc3 Qxd2 26.Qh5+ Kf6 27.Rg3 Be8 
28.Qh4+ g5 29.Qh7 Bg7 30.f4 gxf4 31.Bg4 Qd4+ 32.Kh1 Bg6 33.Qh4+ Ke5 34.Bh3
fxg3 35.Qxg3+ 1-0

[Event "19th Asia-ch (w)"]
[Site "Al-Ain UAE"]
[Date "2015.08.09"]
[Round "8.12"]
[White "Li Ruofan"]
[Black "Shamima, Akter Liza"]
[Result "1-0"]
[WhiteElo "2374"]
[BlackElo "2155"]
[EventDate "2015.08.02"]
[PlyCount "103"]

1.d4 d5 2.c4 dxc4 3.Nf3 Nf6 4.e3 e6 5.Bxc4 c5 6.O-O Nc6 7.Qe2 cxd4 8.Rd1 
Be7 9.exd4 O-O 10.a3 Nd5 11.Nc3 a6 12.h3 Re8 13.Ne4 b6 14.Bd2 Bb7 15.Rac1 
h6 16.Bd3 Bf8 17.Bb1 g6 18.h4 Bg7 19.h5 f5 20.Nc3 g5 21.Be3 Na5 22.Ba2 b5 
23.Ne5 Qd6 24.b4 Nc6 25.Nxd5 exd5 26.Nxc6 Bxc6 27.Qc2 f4 28.Bxf4 gxf4 29.
Qxc6 Qxc6 30.Rxc6 Red8 31.Re1 Ra7 32.Ree6 a5 33.Ra6 Rxa6 34.Rxa6 axb4 35.
axb4 Bxd4 36.Rxh6 Kg7 37.Rg6+ Kf7 38.Rg4 Be5 39.g3 Kf6 40.Rg6+ Kf7 41.gxf4
Bxf4 42.Rb6 Bd2 43.Rxb5 Ke6 44.Kf1 Ke5 45.Ke2 Bg5 46.Kd3 Bh4 47.h6 Rd7 48.
f3 Bf2 49.Ke2 Bh4 50.Bb1 Kd4 51.h7 Re7+ 52.Be4 1-0

[Event "19th Asia-ch (w)"]
[Site "Al-Ain UAE"]
[Date "2015.08.09"]
[Round "8.13"]
[White "Dauletova, Gulmira"]
[Black "Nguyen Thi Mai Hung"]
[Result "1/2-1/2"]
[WhiteElo "2278"]
[BlackElo "2227"]
[EventDate "2015.08.02"]
[PlyCount "209"]

1.e4 e6 2.d4 d5 3.Nc3 Nf6 4.e5 Nfd7 5.f4 c5 6.Nf3 Nc6 7.Be3 Be7 8.Qd2 O-O 
9.dxc5 Bxc5 10.O-O-O Qa5 11.a3 a6 12.Bxc5 Nxc5 13.Qe3 Qb6 14.Nd4 Nxd4 15.
Qxd4 Qa7 16.h4 b5 17.h5 Qb6 18.h6 g6 19.f5 Rb8 20.Qh4 Nd7 21.Rd4 Qd8 22.
Qg3 Qc7 23.Bd3 Qxe5 24.Rf4 exf5 25.Re1 Qd6 26.Bxf5 Nb6 27.Bd3 Be6 28.Qf2 
Nd7 29.Qd4 f6 30.g4 g5 31.Rff1 Qb6 32.Qb4 Rbe8 33.Bf5 Ne5 34.Kb1 Qc6 35.
Qd4 Bf7 36.Rd1 Rd8 37.Rf2 Qc4 38.Qb6 Qc6 39.Qd4 a5 40.Bd3 Rb8 41.Bxb5 Qb6 
42.Qxb6 Rxb6 43.Be2 Rd8 44.Rdf1 Nd7 45.Nb5 Bg6 46.Nd4 Kf7 47.Bb5 Ne5 48.
Rg1 Be4 49.a4 Kg6 50.Nb3 d4 51.Nc5 Bc6 52.Bxc6 Rxc6 53.Ne4 Rb8 54.Ka2 Rbb6
55.b3 d3 56.c4 Nxc4 57.Nxf6 Rxf6 58.Rxf6+ Kxf6 59.bxc4 Ke5 60.c5 Rc6 61.
Kb3 Kd4 62.Rf1 Rxc5 63.Rf7 Rc6 64.Rd7+ Ke3 65.Rxh7 d2 66.Re7+ Kf2 67.Rd7 
Ke1 68.h7 Rc8 69.Re7+ Kd1 70.Kb2 Rb8+ 71.Ka2 Kc2 72.Rc7+ Kd3 73.Rd7+ Ke3 
74.Re7+ Kf3 75.Rd7 Ke2 76.Re7+ Kd1 77.Rd7 Re8 78.Re7 Rd8 79.Kb2 Rb8+ 80.
Ka2 Kc2 81.Rc7+ Kd3 82.Rd7+ Ke3 83.Re7+ Kf3 84.Rd7 Rh8 85.Rxd2 Rxh7 86.Rd5
Kxg4 87.Rxa5 Kh4 88.Ra8 g4 89.Rg8 g3 90.Kb3 Kh3 91.a5 g2 92.a6 Ra7 93.Rh8+
Kg3 94.Rg8+ Kf3 95.Rf8+ Ke2 96.Rg8 Kf1 97.Rf8+ Kg1 98.Rf6 Rg7 99.Kb4 Kh2 
100.Rf2 Kh3 101.Rxg2 Kxg2 102.Kb5 Kf3 103.Kb6 Ke4 104.a7 Rg8 105.Kb7 
1/2-1/2

[Event "19th Asia-ch (w)"]
[Site "Al-Ain UAE"]
[Date "2015.08.09"]
[Round "8.14"]
[White "Enkhtuul, Altanulzii"]
[Black "Nguyen Thi Thanh An"]
[Result "0-1"]
[WhiteElo "2269"]
[BlackElo "2219"]
[EventDate "2015.08.02"]
[PlyCount "110"]

1.Nf3 g6 2.g3 Bg7 3.Bg2 Nf6 4.O-O O-O 5.Re1 d6 6.e4 e5 7.d4 Nc6 8.c3 Re8 
9.dxe5 Nxe5 10.Nd4 Bd7 11.Bf4 Qc8 12.Na3 a6 13.Ndc2 Bh3 14.Bh1 Nfd7 15.Ne3
Nc5 16.Bxe5 Bxe5 17.Nac4 Bg7 18.Qc2 b5 19.Nd2 c6 20.Nb3 Ne6 21.Rad1 Qc7 
22.f4 Rad8 23.Qf2 h5 24.Bf3 a5 25.a3 a4 26.Nd4 Nxd4 27.cxd4 Qb6 28.Qd2 Be6
29.Qd3 Bb3 30.Rd2 c5 31.dxc5 dxc5 32.Qe2 c4 33.e5 Rxd2 34.Qxd2 Rd8 35.Qe2 
Bf8 36.Kg2 c3 37.bxc3 Bxa3 38.f5 Bc5 39.Nf1 Bc4 40.Qb2 a3 41.Qc1 Bg1 42.
Ne3 Bxe3 43.Rxe3 a2 44.Re1 Bd3 45.f6 Kh7 46.e6 Bb1 47.Qb2 fxe6 48.Qb4 Rd7 
49.Qf8 Qd8 50.Qa3 Qxf6 51.Re2 Rf7 52.Rf2 b4 53.Qa4 bxc3 54.Qa3 c2 55.Rf1 
a1=Q 0-1

[Event "19th Asia-ch (w)"]
[Site "Al-Ain UAE"]
[Date "2015.08.09"]
[Round "8.15"]
[White "Kulkarni, Bhakti Pradip"]
[Black "Hakimifard, Ghazal"]
[Result "1-0"]
[WhiteElo "2262"]
[BlackElo "2219"]
[EventDate "2015.08.02"]
[PlyCount "113"]

1.d4 Nf6 2.c4 e6 3.Nc3 Bb4 4.a3 Bxc3+ 5.bxc3 c5 6.e3 d6 7.Bd3 Nc6 8.Ne2 
O-O 9.O-O e5 10.d5 Ne7 11.Ng3 Ng6 12.f4 Re8 13.f5 Nf8 14.e4 h6 15.Nh1 N8h7
16.Nf2 b6 17.Be3 Ba6 18.Kh1 Kf8 19.Ra2 Ng5 20.Rb2 Qe7 21.Qc1 Ng8 22.Ng4 f6
23.h4 Nf7 24.Nh2 Qd7 25.Qd1 Nd8 26.Nf3 Nb7 27.Rg1 Ke7 28.Nd2 Na5 29.g4 Kd8
30.Qc2 Kc7 31.Rg2 Ne7 32.Kg1 Rh8 33.Kf2 Rag8 34.Rb1 Qe8 35.Rbg1 Kb8 36.Be2
Rh7 37.a4 Rgh8 38.Ke1 Bc8 39.Qa2 Ba6 40.Kd1 Ka8 41.Kc1 Nc8 42.Kb2 Qd7 43.
Ka3 Qe8 44.Qc2 Ne7 45.Qd1 Nc8 46.Qf1 Qd7 47.Rg3 Qe8 48.Rh3 Ne7 49.Rgh1 Ng8
50.g5 hxg5 51.hxg5 Rxh3 52.Rxh3 Ne7 53.Qh1 Rxh3 54.Qxh3 Qg8 55.g6 Kb8 56.
Qh7 Kc7 57.Bh6 1-0

[Event "19th Asia-ch (w)"]
[Site "Al-Ain UAE"]
[Date "2015.08.09"]
[Round "8.16"]
[White "Al-Rufei, Eman Hassane"]
[Black "Mohota, Nisha"]
[Result "0-1"]
[WhiteElo "2088"]
[BlackElo "2259"]
[EventDate "2015.08.02"]
[PlyCount "76"]

1.e4 d6 2.d4 Nf6 3.Nc3 c6 4.Nf3 Bg4 5.Be2 e6 6.O-O Be7 7.Re1 O-O 8.h3 Bxf3
9.Bxf3 d5 10.Bf4 Nbd7 11.exd5 cxd5 12.Qd3 Nb6 13.Nd1 Rc8 14.a4 Nc4 15.b3 
Na5 16.Rb1 a6 17.c3 Qd7 18.Ne3 b5 19.axb5 axb5 20.Re2 Ne4 21.c4 f5 22.c5 
b4 23.Ra2 Nc6 24.Nd1 Bf6 25.Bd6 Nxd6 26.cxd6 Bxd4 27.Ra6 Be5 28.Ne3 Nd4 
29.Bd1 Rc6 30.f4 Bf6 31.Rba1 Qxd6 32.Rxc6 Qxc6 33.Ra6 Qc5 34.Kh2 Rc8 35.
Qd2 Qc3 36.Nf1 Qxd2 37.Nxd2 Rc1 38.Bf3 Rc2 0-1

[Event "19th Asia-ch (w)"]
[Site "Al-Ain UAE"]
[Date "2015.08.09"]
[Round "8.17"]
[White "Le Kieu Thien Kim"]
[Black "Asgarizadeh, Minoo"]
[Result "1-0"]
[WhiteElo "2226"]
[BlackElo "2180"]
[EventDate "2015.08.02"]
[PlyCount "39"]

1.d4 d5 2.Bf4 Nf6 3.e3 c5 4.Be2 Nc6 5.Nf3 Bf5 6.dxc5 Qa5+ 7.Nc3 Ne4 8.O-O 
Nxc3 9.bxc3 Qxc5 10.Rb1 O-O-O 11.Nd4 Bd7 12.Rb5 Qxc3 13.Rxd5 e6 14.Nb5 Qb2
15.Rd6 e5 16.Rxd7 Rxd7 17.Bg4 Nb8 18.Qd5 Qxc2 19.Qxe5 Na6 20.Qe8# 1-0

[Event "19th Asia-ch (w)"]
[Site "Al-Ain UAE"]
[Date "2015.08.09"]
[Round "8.18"]
[White "Khalaji, Hanieh"]
[Black "Kurbonboeva, Sarvinoz"]
[Result "0-1"]
[WhiteElo "1965"]
[BlackElo "2264"]
[EventDate "2015.08.02"]
[PlyCount "58"]

1.e4 c5 2.Nc3 Nc6 3.g3 g6 4.Bg2 Bg7 5.d3 d6 6.f4 e6 7.Be3 Nge7 8.Nf3 Nd4 
9.Qd2 Rb8 10.Nd1 b5 11.c3 Nxf3+ 12.Bxf3 b4 13.d4 bxc3 14.Nxc3 c4 15.d5 
exd5 16.exd5 Qa5 17.Bd4 Bxd4 18.Qxd4 O-O 19.g4 Rb6 20.Qd2 Re8 21.Kf1 Qc5 
22.f5 gxf5 23.Qg5+ Ng6 24.h3 f6 25.Qh6 Ne5 26.Qh5 Bb7 27.gxf5 Nxf3 28.Qxf3
Qa5 29.Rg1+ Kh8 0-1

[Event "19th Asia-ch (w)"]
[Site "Al-Ain UAE"]
[Date "2015.08.09"]
[Round "8.19"]
[White "Liu Manli"]
[Black "Otgonjargal, Sengeravdan"]
[Result "1-0"]
[WhiteElo "1995"]
[BlackElo "2213"]
[EventDate "2015.08.02"]
[PlyCount "73"]

1.e4 e5 2.Nf3 Nc6 3.Bb5 a6 4.Ba4 Nf6 5.d3 d6 6.c3 Be7 7.Nbd2 O-O 8.O-O b5 
9.Bc2 Nb8 10.Re1 Re8 11.Nf1 Bf8 12.Ng3 g6 13.h3 Nbd7 14.Nh2 d5 15.a4 Bb7 
16.Ng4 Nxg4 17.Qxg4 Bg7 18.Bg5 Nf6 19.Qh4 Qd6 20.Kh1 c5 21.Rad1 Nd7 22.Bd2
dxe4 23.dxe4 Qc6 24.Bh6 c4 25.Re3 Bh8 26.Nf5 f6 27.Rg3 Nc5 28.Be3 Nxe4 29.
Nh6+ Kf8 30.Bxe4 Qxe4 31.Bc5+ Re7 32.Bxe7+ Kxe7 33.Nf5+ Ke6 34.Qh6 Bd5 35.
Ne3 g5 36.Rxd5 Qxd5 37.Nxd5 1-0

[Event "19th Asia-ch (w)"]
[Site "Al-Ain UAE"]
[Date "2015.08.09"]
[Round "8.20"]
[White "Ankhchimeg, Bayanmunkh"]
[Black "Al-Shaibi, Boshra"]
[Result "1-0"]
[WhiteElo "2180"]
[BlackElo "1987"]
[EventDate "2015.08.02"]
[PlyCount "40"]

1.e4 c5 2.c3 d6 3.d4 Nf6 4.Bd3 Nc6 5.Ne2 g6 6.f3 Bg7 7.Be3 b6 8.g4 Bb7 9.
Qd2 h5 10.g5 Nd7 11.O-O Rc8 12.f4 cxd4 13.cxd4 Na5 14.Na3 O-O 15.f5 Qe8 
16.Nf4 e5 17.fxe6 fxe6 18.Nb5 Rc6 19.Nxa7 Nc4 20.Qe2 Nxe3 1-0